| 000 | 00460nam a22001817a 4500 | ||
|---|---|---|---|
| 003 | CEME | ||
| 005 | 20210628204028.0 | ||
| 008 | 210113b xxu||||| |||| 00| 0 eng d | ||
| 020 | _a9693521374 | ||
| 040 | _cceme | ||
| 082 | _a891.43909 AMJ | ||
| 100 |
_aAmjad Islam Amjad _99447 |
||
| 245 | _aSapno say bhari aankhain , kulyat geet | ||
| 260 |
_aLAHORE _bSANG-E-MEEL PUB _c2008 |
||
| 300 | _a352P | ||
| 650 |
_aURDU ADAB-POETRY _928226 |
||
| 942 |
_cBK _2ddc |
||
| 999 |
_c575935 _d575935 |
||